000 00765cab a2200217 4500
001 ABS52776
008 090401t1995 xxu||||| |||| 00| 0 eng d
035 _a(Sirsi) u46
041 _aeng
100 _aAnderson, A.H.
245 _aMissives: purchase and sale of country cottages
260 _c1995
350 _a0
490 _aProperty Law Bulletin
_v(14) April 1995, 6-7(2)
520 _aDiscusses clauses which are particularly appropriate to offers for rural property, and makes a plea to solicitors to tailor their offers to suit the property in question, rather than relying on a standard schedule of missives conditions.
650 _aMISSIVES
650 _aRURAL PROPERTY
690 _aPROPERTY LAW AND PRACTICE
942 _n0
948 _c04/03/1997
999 _c19
_d19